|
|
|
|
| LEADER |
01832cas a2200229 a 4500 |
| 001 |
AALejournalIMF012386 |
| 008 |
230101c9999 xx r poo 0 0eng d |
| 020 |
|
|
|z 9781557758088
|
| 040 |
|
|
|a BD-DhAAL
|c BD-DhAAL
|
| 110 |
2 |
|
|a International Monetary Fund.
|
| 240 |
1 |
0 |
|a Programmation financiere: Methodes et application a la Tunisie.
|l French
|
| 245 |
1 |
0 |
|a Programmation financiere :
|b Methodes et application a la Tunisie.
|
| 264 |
|
1 |
|a Washington, D.C. :
|b International Monetary Fund,
|c 1999.
|
| 300 |
|
|
|a 1 online resource (332 pages)
|
| 500 |
|
|
|a <strong>Off-Campus Access:</strong> No User ID or Password Required
|
| 500 |
|
|
|a <strong>On-Campus Access:</strong> No User ID or Password Required
|
| 506 |
|
|
|a Electronic access restricted to authorized BRAC University faculty, staff and students
|
| 520 |
3 |
|
|a Le but de cet ouvrage est de permettre aux cadres charges de Ia politique macroeconomique d'ameliorer leur comprehension des concepts et cadres qui sous-tendent la conception et la mise en oeuvre de programmes macroeconomiques et financiers. L'ouvrage couvre la comptabilite et l'analyse des secteurs reel, exterieur, budgetaire et monetaire, ainsi que les interrelations entre ces secteurs. Il contient egalement une serie d'exercices sur les methodes de prevision economique et sur la formulation d'un programme d'ajustement fictif pour le pays etudie (la Tunisie), fondes sur des donnees reelles. Cet ouvrage constitue le principal support pedagogique utilise dans les cours de programmation financiere que l'institut du FMI propose en francais.
|
| 538 |
|
|
|a Mode of access: Internet
|
| 650 |
|
7 |
|a Central Banks and Their Policies
|2 imf
|
| 650 |
|
7 |
|a Foreign Exchange
|2 imf
|
| 856 |
4 |
0 |
|z Full text available on IMF
|u http://elibrary.imf.org/view/books/071/05456-9781557758088-fr/05456-9781557758088-fr-book.xml
|z IMF e-Library
|